|
|
|
|
| LEADER |
00892ncm a22002412a 4500 |
| 001 |
001290254 |
| 003 |
CZ BrMZK |
| 005 |
20130822081700.0 |
| 007 |
qu |
| 008 |
000105s1912 gw f zxx d |
| 040 |
|
|
|a BOA001
|b cze
|
| 072 |
|
7 |
|a 786
|x Hudba pro klávesové nástroje
|2 Konspekt
|9 9
|
| 100 |
1 |
|
|a Sibelius, Jean,
|d 1865-1957
|7 jn19990007924
|4 cmp
|
| 245 |
1 |
0 |
|a Drei Sonatinen, Op. 67
|n Nr. 3, Des dur
|h [hudebnina] :
|b für Pianoforte zu zwei Händen : [Piano solo] /
|c Jean Sibelius
|
| 246 |
1 |
4 |
|a Sonatine Des dur Op. 67 No. 3
|
| 260 |
|
|
|a Leipzig :
|b Breitkopf & Härtel,
|c [1912]
|
| 300 |
|
|
|a 9 s.
|
| 490 |
1 |
|
|a Volksausgabe Breitkopf & Härtel ;
|v Nr. 3847
|
| 830 |
|
0 |
|a Volksausgabe Breitkopf & Härtel
|
| 910 |
|
|
|a BOA001
|b Mus4-0116.344,3847
|
| 990 |
|
|
|a MU
|
| 991 |
|
|
|b 201304
|
| 996 |
6 |
|
|b 2619514678
|c Mus4-0116.344,3847
|l MZK
|r Sklad / do 1 hodiny
|n 0
|w 001324951
|u 000010
|a 1
|e BOA001
|j MZK50
|s P
|